[Event "Podolsk"]
[Site "Podolsk"]
[Date "1991.??.??"]
[Round "?"]
[White "Zaitsev, Igor A"]
[Black "Kiselev, Sergey"]
[Result "1-0"]
[WhiteElo "2405"]
[BlackElo "2510"]
[PlyCount "95"]
[EventDate "1991.10.??"]
[EventType "tourn"]
[EventRounds "11"]
[EventCountry "URS"]
[EventCategory "8"]
[SourceTitle "CBM 026 Extra"]
[Source "ChessBase"]
[SourceDate "1992.03.01"]
[SourceVersion "1"]
[SourceVersionDate "1992.03.01"]
[SourceQuality "1"]

1. e4 c5 2. Nf3 Nc6 3. d4 cxd4 4. Nxd4 Nf6 5. Nc3 d6 6. Bc4 Qb6 7. Nb3 e6 8.
Bf4 Ne5 9. Be2 Bd7 10. O-O Be7 11. Be3 Qc7 12. f4 Nc4 13. Bxc4 Qxc4 14. Bd4 O-O
15. e5 dxe5 16. fxe5 Nd5 17. Qh5 Nxc3 18. bxc3 Qd5 19. Qg4 Bc6 20. Rae1 Rfd8
21. Rf4 Rd7 22. Re3 Bf8 23. Qe2 Rc7 24. Rh3 b6 25. Rfh4 h6 26. c4 Qd8 27. Qg4
g6 28. Be3 Bg7 29. Bxh6 Bxe5 30. Bf4 Bf6 31. Bg5 Bxg5 32. Rh8+ Kg7 33. Rxd8
Bxd8 34. Qf4 Rd7 35. Qh6+ Kf6 36. Qh4+ g5 37. Qh6+ Ke5 38. Re3+ Kf4 39. Rd3 Ke5
40. Rxd7 Bxd7 41. Qg7+ Kd6 42. Qxf7 Rc8 43. Nd2 Bc6 44. c5+ bxc5 45. Nc4+ Kd5
46. Qf1 Bb5 47. Qd3+ Kc6 48. Qe4+ 1-0

[Event "Podolsk"]
[Site "Podolsk"]
[Date "1991.??.??"]
[Round "?"]
[White "Zaitsev, Igor A"]
[Black "Volke, Karsten"]
[Result "1-0"]
[WhiteElo "2405"]
[BlackElo "2425"]
[PlyCount "103"]
[EventDate "1991.10.??"]
[EventType "tourn"]
[EventRounds "11"]
[EventCountry "URS"]
[EventCategory "8"]
[SourceTitle "CBM 026 Extra"]
[Source "ChessBase"]
[SourceDate "1992.03.01"]
[SourceVersion "1"]
[SourceVersionDate "1992.03.01"]
[SourceQuality "1"]

1. e4 c5 2. Nf3 e6 3. c3 d5 4. e5 Nc6 5. d4 Nge7 6. Bd3 cxd4 7. cxd4 Nf5 8.
Bxf5 exf5 9. Nc3 Be6 10. O-O h6 11. Ne1 Be7 12. f4 g5 13. Nc2 Qb6 14. Qd3 O-O-O
15. Bd2 Kb8 16. Na4 Qc7 17. b4 gxf4 18. Rab1 Rhg8 19. Bxf4 Bg5 20. Ne3 Bxf4 21.
Rxf4 Ne7 22. Nc5 Rc8 23. a4 Ng6 24. Rf2 Ne7 25. a5 Ka8 26. Ra1 Nc6 27. Rb1 Rg5
28. Qc3 Rh5 29. Rc1 Qd8 30. g3 Nxe5 31. dxe5 d4 32. Nxe6 Rxc3 33. Nxd8 Rxc1+
34. Nf1 Rc7 35. e6 fxe6 36. Nxe6 Rd7 37. h4 f4 38. Rxf4 a6 39. Nxd4 Rhd5 40.
Ne6 Re7 41. Nc5 Kb8 42. Kf2 Rde5 43. Nd3 Rd5 44. Rf8+ Ka7 45. Nf4 Rb5 46. Ne3
Rxb4 47. Nfd5 Rb2+ 48. Kf3 Rh7 49. Nc4 Rb3+ 50. Ke4 h5 51. Nd6 b5 52. Nb6 1-0

[Event "Moscow ZSKS"]
[Site "Moscow"]
[Date "1992.??.??"]
[Round "?"]
[White "Zaitsev, Igor A"]
[Black "Totsky, Leonid"]
[Result "1-0"]
[WhiteElo "2425"]
[BlackElo "2435"]
[PlyCount "79"]
[EventDate "1992.??.??"]
[EventType "tourn"]
[EventRounds "11"]
[EventCountry "RUS"]
[EventCategory "8"]
[SourceTitle "CBM 030"]
[Source "ChessBase"]
[SourceDate "1992.10.01"]
[SourceVersion "1"]
[SourceVersionDate "1992.10.01"]
[SourceQuality "1"]

1. e4 e6 2. d4 d5 3. Nc3 Bb4 4. Bd3 dxe4 5. Bxe4 Nf6 6. Bg5 c5 7. Nf3 Bxc3+ 8.
bxc3 Qa5 9. Bxf6 Qxc3+ 10. Nd2 gxf6 11. Rb1 Nc6 12. Bxc6+ bxc6 13. O-O Qxd4 14.
Qf3 O-O 15. Nb3 Qh4 16. Nxc5 e5 17. Rb3 Kh8 18. Qxc6 Bf5 19. Qf3 Bxc2 20. g3
Qg5 21. Rc3 Bf5 22. Ne4 Qg6 23. Re1 Rac8 24. Rxc8 Rxc8 25. Nd6 Bg4 26. Qb3 Be6
27. Qb7 Rd8 28. Qxa7 Kg7 29. Qe7 Ra8 30. Ne8+ Kh6 31. Qf8+ Kg5 32. h4+ Kg4 33.
Nxf6+ Qxf6 34. Qxa8 Kh5 35. Qe4 Bxa2 36. Qxe5+ Qxe5 37. Rxe5+ Kg6 38. Rg5+ Kf6
39. Rh5 Kg6 40. Ra5 1-0

[Event "Moscow ZSKS"]
[Site "Moscow"]
[Date "1992.??.??"]
[Round "?"]
[White "Zaitsev, Igor A"]
[Black "Varavin, Viktor"]
[Result "1-0"]
[WhiteElo "2425"]
[BlackElo "2465"]
[PlyCount "67"]
[EventDate "1992.??.??"]
[EventType "tourn"]
[EventRounds "11"]
[EventCountry "RUS"]
[EventCategory "8"]
[SourceTitle "CBM 030"]
[Source "ChessBase"]
[SourceDate "1992.10.01"]
[SourceVersion "1"]
[SourceVersionDate "1992.10.01"]
[SourceQuality "1"]

1. e4 e5 2. Nf3 Nc6 3. Bb5 a6 4. Bxc6 dxc6 5. O-O f6 6. d4 Qd6 7. dxe5 fxe5 8.
Qe2 Bg4 9. h3 Bh5 10. Nbd2 Qf6 11. Qe3 Bd6 12. Nh2 Ne7 13. Nc4 O-O 14. Qg3 Be2
15. Bg5 Qe6 16. Nxd6 cxd6 17. Rfe1 Bh5 18. Qh4 Bg6 19. Bxe7 Rf4 20. Ng4 Re8 21.
Bg5 Rxe4 22. Rxe4 Bxe4 23. c3 Bg6 24. b3 d5 25. Re1 e4 26. Be3 Qd6 27. b4 h5
28. Nh2 Bf7 29. Nf1 Re6 30. Bd4 Rg6 31. Re3 Qd7 32. Rg3 b6 33. Rxg6 Bxg6 34.
Qg3 1-0

[Event "Moscow4"]
[Site "Moscow"]
[Date "1992.??.??"]
[Round "?"]
[White "Zaitsev, Igor A"]
[Black "Gutop, Yuri V"]
[Result "1-0"]
[WhiteElo "2425"]
[BlackElo "2430"]
[Annotator "Knaak,R"]
[PlyCount "37"]
[EventDate "1992.??.??"]
[EventType "tourn"]
[EventRounds "11"]
[EventCountry "RUS"]
[EventCategory "7"]
[SourceTitle "CBM 030"]
[Source "ChessBase"]
[SourceDate "1992.10.01"]
[SourceVersion "1"]
[SourceVersionDate "1992.10.01"]
[SourceQuality "1"]

1. e4 e6 2. d4 d5 3. Nc3 Bb4 4. Bd3 c5 5. exd5 Qxd5 6. Bd2 Bxc3 7. Bxc3 cxd4 8.
Bxd4 Qxg2 $6 (8... e5 $10) 9. Qd2 $5 (9. Qf3 Qxf3 10. Nxf3 f6 11. Rg1 Kf7 12.
O-O-O $14) 9... Qxh1 (9... Nc6 10. O-O-O f6 11. Ne2 Qd5 12. Rhg1 Qxa2 13. Qc3
Kf7 14. Bc5 $16 {Sax-Bodo/Ungarn/1968/i6/285}) 10. O-O-O (10. f3 Nc6 11. O-O-O
$1 Nxd4 12. Bb5+ Kf8 13. Qxd4 Bd7 14. Qc5+ {ECO: +/-} Ne7 15. Rxd7 Re8 16. Rxb7
$18) 10... f6 (10... Qg2 $2 11. Bb5+ $18) 11. f3 Nc6 12. Bc5 Kf7 13. Qe2 Nge7
14. Nh3 Qxd1+ 15. Qxd1 $13 e5 $2 16. f4 $1 {>< Kf7} Be6 (16... Bxh3 17. Qh5+ g6
18. Qxh3 $16) 17. Qf3 $1 Rad8 $6 (17... e4) 18. fxe5 Nxe5 19. Ng5+ (19. Ng5+
Ke8 (19... Kg8 20. Qxb7 fxg5 21. Qxe7 $18) 20. Qxb7 {>< e6, e7}) 1-0

[Event "Moscow4"]
[Site "Moscow"]
[Date "1992.??.??"]
[Round "?"]
[White "Zaitsev, Igor A"]
[Black "Ivanov, V."]
[Result "1-0"]
[WhiteElo "2425"]
[BlackElo "2355"]
[PlyCount "29"]
[EventDate "1992.??.??"]
[EventType "tourn"]
[EventRounds "11"]
[EventCountry "RUS"]
[EventCategory "7"]
[SourceTitle "CBM 030"]
[Source "ChessBase"]
[SourceDate "1992.10.01"]
[SourceVersion "1"]
[SourceVersionDate "1992.10.01"]
[SourceQuality "1"]

1. e4 d6 2. f4 g6 3. Nf3 Nf6 4. e5 Nd5 5. Nc3 Nxf4 6. d4 dxe5 7. Nxe5 Ne6 8. d5
Ng7 9. Bb5+ Bd7 10. O-O f6 11. Nxd7 Nxd7 12. Qe2 Kf7 13. Bh6 Nb6 14. Rad1 Nc8
15. Qe6+ 1-0

[Event "St Petersburg op"]
[Site "St Petersburg"]
[Date "1992.??.??"]
[Round "?"]
[White "Krutyanski, Anatoli A"]
[Black "Zaitsev, Igor A"]
[Result "0-1"]
[WhiteElo "2400"]
[BlackElo "2425"]
[PlyCount "74"]
[EventDate "1992.??.??"]
[EventType "swiss"]
[EventRounds "9"]
[EventCountry "RUS"]
[SourceTitle "EXT 1997"]
[Source "ChessBase"]
[SourceDate "1996.11.15"]
[SourceVersion "1"]
[SourceVersionDate "1996.11.15"]
[SourceQuality "1"]

1. c4 e5 2. Nc3 Nf6 3. g3 c6 4. Bg2 d5 5. d3 Be6 6. b3 Bb4 7. Bd2 Qe7 8. e4
dxc4 9. dxc4 Nbd7 10. Nge2 Rd8 11. O-O O-O 12. Qc2 a6 13. Rfd1 Bc5 14. h3 Nh5
15. Be1 Qg5 16. Na4 Ba7 17. c5 Qg6 18. Rac1 f5 19. exf5 Bxf5 20. Qc4+ Be6 21.
Qb4 Rb8 22. Qa5 Nf4 23. Nxf4 exf4 24. Qc7 Rf7 25. Qd6 Rbf8 26. Qd3 Qh6 27. Bd2
Bb8 28. g4 Ne5 29. Qf1 Qf6 30. f3 h5 31. Rc3 hxg4 32. hxg4 Bxg4 33. fxg4 f3 34.
Bh3 Nxg4 35. Kh1 Qf5 36. Be1 Qe5 37. Qg1 f2 0-1

[Event "Moscow Alekhine op"]
[Site "Moscow"]
[Date "1992.??.??"]
[Round "?"]
[White "Arkhipov, Sergey"]
[Black "Zaitsev, Igor A"]
[Result "0-1"]
[WhiteElo "2485"]
[BlackElo "2445"]
[PlyCount "64"]
[EventDate "1992.10.??"]
[EventType "swiss"]
[EventRounds "9"]
[EventCountry "RUS"]
[SourceTitle "CBM 033"]
[Source "ChessBase"]
[SourceDate "1993.04.01"]
[SourceVersion "1"]
[SourceVersionDate "1993.04.01"]
[SourceQuality "1"]

1. e4 e5 2. Nf3 Nc6 3. Nc3 Nf6 4. d4 exd4 5. Nxd4 Bb4 6. Nxc6 bxc6 7. Bd3 d5 8.
exd5 cxd5 9. O-O O-O 10. Bg5 c6 11. Na4 h6 12. Bh4 Bd6 13. Re1 Rb8 14. c3 Bg4
15. Qc2 g5 16. Bg3 Nh5 17. Bxd6 Qxd6 18. Re3 Rbe8 19. Qd2 Nf4 20. b4 Rxe3 21.
fxe3 Ne6 22. Bc2 f5 23. Rf1 f4 24. e4 f3 25. Bd1 fxg2 26. Qxg2 Bxd1 27. Rxd1
Nf4 28. Qf3 Qg6 29. Re1 g4 30. Qg3 Nh3+ 31. Kg2 Rf2+ 32. Kh1 Qxe4+ 0-1

[Event "Bucharest ENE"]
[Site "Bucharest"]
[Date "1993.??.??"]
[Round "8"]
[White "Zaitsev, Igor A"]
[Black "Nevednichy, Vladislav"]
[Result "1-0"]
[WhiteElo "2415"]
[BlackElo "2535"]
[PlyCount "80"]
[EventDate "1993.??.??"]
[EventType "tourn"]
[EventRounds "11"]
[EventCountry "ROU"]
[EventCategory "8"]
[SourceTitle "CBM 040"]
[Source "ChessBase"]
[SourceDate "1994.06.01"]
[SourceVersion "1"]
[SourceVersionDate "1994.06.01"]
[SourceQuality "1"]

1. e4 e6 2. d4 d5 3. Nc3 Bb4 4. Nge2 dxe4 5. a3 Be7 6. Nxe4 Nd7 7. N2g3 Ngf6 8.
Bd3 Nxe4 9. Nxe4 Nf6 10. O-O O-O 11. Nxf6+ Bxf6 12. c3 Bd7 13. Qc2 g6 14. Be4
Bc6 15. Bxc6 bxc6 16. Bf4 Qd7 17. Rad1 Rfb8 18. Rfe1 a5 19. a4 Rb7 20. Be5 Bxe5
21. Rxe5 Qd8 22. Qe2 Rb6 23. Rd2 Ra7 24. g3 Qb8 25. Kg2 Qa8 26. Qf3 Rab7 27.
Rc5 Rb8 28. h4 Rd8 29. h5 Rd5 30. c4 Rd6 31. Qf6 Ra6 32. Qe5 Qd8 33. hxg6 hxg6
34. Rxa5 Rxa5 35. Qxa5 Rxd4 36. Rxd4 Qxd4 37. Qa8+ Kg7 38. Qxc6 e5 39. a5 Qxb2
40. Qxc7 e4 1-0

[Event "Bucharest ENE"]
[Site "Bucharest"]
[Date "1993.??.??"]
[Round "9"]
[White "Itkis, Boris"]
[Black "Zaitsev, Igor A"]
[Result "0-1"]
[WhiteElo "2430"]
[BlackElo "2415"]
[PlyCount "64"]
[EventDate "1993.??.??"]
[EventType "tourn"]
[EventRounds "11"]
[EventCountry "ROU"]
[EventCategory "8"]
[SourceTitle "CBM 040"]
[Source "ChessBase"]
[SourceDate "1994.06.01"]
[SourceVersion "1"]
[SourceVersionDate "1994.06.01"]
[SourceQuality "1"]

1. d4 Nf6 2. Nf3 e6 3. c4 b6 4. g3 Ba6 5. b3 d5 6. cxd5 Bb4+ 7. Bd2 Bxd2+ 8.
Qxd2 Ne4 9. Qb2 exd5 10. Bg2 O-O 11. O-O Nd7 12. Rc1 Re8 13. e3 c5 14. Nc3 cxd4
15. exd4 Nxc3 16. Rxc3 Nf6 17. Rf1 Ne4 18. Re3 Qd6 19. Ne5 Rac8 20. Bh3 Rc1 21.
Qxc1 Re7 22. f3 Rc7 23. Qb2 Qh6 24. Rfe1 Qxh3 25. fxe4 f6 26. Nf3 Bd3 27. Rc1
Rc2 28. Qxc2 Bxc2 29. Rxc2 dxe4 30. Nd2 Qg4 31. Nf1 Qd1 32. Rd2 Qe1 0-1

[Event "Bucharest GM"]
[Site "Bucharest"]
[Date "1993.??.??"]
[Round "?"]
[White "Zaitsev, Igor A"]
[Black "Dumitrache, Dragos Nicolae"]
[Result "1-0"]
[WhiteElo "2460"]
[BlackElo "2385"]
[PlyCount "61"]
[EventDate "1993.??.??"]
[EventType "tourn"]
[EventRounds "13"]
[EventCountry "ROU"]
[EventCategory "8"]
[SourceTitle "EXT 2004"]
[Source "ChessBase"]
[SourceDate "2003.11.25"]
[SourceVersion "1"]
[SourceVersionDate "2003.11.25"]
[SourceQuality "1"]

1. e4 e5 2. Nf3 Nc6 3. Bb5 Nf6 4. d3 d6 5. c3 g6 6. Nbd2 Bg7 7. O-O O-O 8. d4
Nh5 9. dxe5 Nxe5 10. Nxe5 dxe5 11. Nf3 Nf4 12. Bxf4 exf4 13. h3 Qe7 14. Re1 Be6
15. Qe2 Qc5 16. Ba4 Bc4 17. Qd2 g5 18. Rad1 h6 19. Bb3 c6 20. Qd7 Bxb3 21. axb3
Qb6 22. b4 a5 23. h4 axb4 24. hxg5 Rfd8 25. Qg4 h5 26. Qxh5 bxc3 27. bxc3 Rxd1
28. Rxd1 Ra2 29. Qh4 c5 30. g6 f6 31. Qh7+ 1-0

[Event "Cherepovets"]
[Site "Cherepovets"]
[Date "1993.??.??"]
[Round "?"]
[White "Ivanov, Victor L"]
[Black "Zaitsev, Igor A"]
[Result "0-1"]
[WhiteElo "2400"]
[BlackElo "2450"]
[PlyCount "107"]
[EventDate "1993.??.??"]
[EventType "tourn"]
[EventRounds "13"]
[EventCountry "RUS"]
[EventCategory "6"]
[SourceTitle "EXT 1997"]
[Source "ChessBase"]
[SourceDate "1996.11.15"]
[SourceVersion "1"]
[SourceVersionDate "1996.11.15"]
[SourceQuality "1"]

1. d4 Nf6 2. c4 g6 3. Nc3 Bg7 4. e4 d6 5. f3 O-O 6. Be3 b6 7. Bd3 Nc6 8. Nge2
e6 9. O-O Ne8 10. Qd2 f5 11. Bc2 f4 12. Nxf4 Nxd4 13. Bxd4 Bxd4+ 14. Qxd4 Rxf4
15. g3 Rf7 16. e5 Bb7 17. Be4 Bxe4 18. Qxe4 dxe5 19. Qxe5 Qd3 20. Qxe6 Nd6 21.
Qd5 Qe3+ 22. Kg2 Re8 23. Rae1 Qxe1 24. Rxe1 Rxe1 25. Kf2 Rh1 26. Kg2 Re1 27. f4
a5 28. Kf2 Re8 29. c5 bxc5 30. Qxc5 a4 31. Kg2 Rfe7 32. Qb4 Nf5 33. Ne4 c5 34.
Qxa4 c4 35. Kh3 Ne3 36. Nd6 Rf8 37. Nxc4 Re4 38. Qb3 Nxc4 39. Qd3 Rfe8 40. b3
Ne3 41. a4 g5 42. fxg5 h6 43. Qa6 R4e6 44. Qb5 hxg5 45. g4 Re5 46. Qd3 Kg7 47.
Qd4 Nd5 48. Kg3 Kh6 49. h4 Re3+ 50. Kf2 Re2+ 51. Kg1 R8e5 52. h5 R2e4 53. Qd3
Rxg4+ 54. Kf2 0-1

[Event "Cherepovets"]
[Site "Cherepovets"]
[Date "1993.??.??"]
[Round "?"]
[White "Zaitsev, Igor A"]
[Black "Dommes, Vladimir M"]
[Result "1-0"]
[WhiteElo "2450"]
[BlackElo "2320"]
[PlyCount "73"]
[EventDate "1993.??.??"]
[EventType "tourn"]
[EventRounds "13"]
[EventCountry "RUS"]
[EventCategory "6"]
[SourceTitle "EXT 1997"]
[Source "ChessBase"]
[SourceDate "1996.11.15"]
[SourceVersion "1"]
[SourceVersionDate "1996.11.15"]
[SourceQuality "1"]

1. e4 d6 2. d4 Nf6 3. Nc3 g6 4. g3 Bg7 5. Bg2 O-O 6. Nge2 c5 7. d5 Na6 8. O-O
Nc7 9. a4 a6 10. Bf4 Nd7 11. Qc1 Re8 12. Bh6 Bh8 13. f4 Rb8 14. Qd2 b5 15. a5
Bb7 16. Rae1 b4 17. Nd1 Nb5 18. Ne3 Qxa5 19. Nc4 Qc7 20. c3 Nb6 21. Ne3 a5 22.
e5 Rbd8 23. e6 fxe6 24. Bh3 Bc8 25. dxe6 Bb7 26. f5 Nc4 27. Qd3 Nxe3 28. fxg6
Bf6 29. gxh7+ Kh8 30. Nf4 Rg8 31. hxg8=Q+ Rxg8 32. Rxe3 c4 33. Ng6+ Rxg6 34.
Qxg6 Qc6 35. Bg7+ Bxg7 36. Qh5+ Kg8 37. Rf8+ 1-0

[Event "Voskresensk"]
[Site "Voskresensk"]
[Date "1993.??.??"]
[Round "?"]
[White "Zaitsev, Igor A"]
[Black "Galdunts, Sergey"]
[Result "1-0"]
[WhiteElo "2415"]
[BlackElo "2450"]
[PlyCount "87"]
[EventDate "1993.??.??"]
[EventType "tourn"]
[EventRounds "11"]
[EventCountry "RUS"]
[EventCategory "9"]
[SourceTitle "CBM 038"]
[Source "ChessBase"]
[SourceDate "1994.02.01"]
[SourceVersion "1"]
[SourceVersionDate "1994.02.01"]
[SourceQuality "1"]

1. e4 e5 2. Nf3 Nc6 3. Bb5 a6 4. Ba4 Nf6 5. O-O Be7 6. Re1 b5 7. Bb3 d6 8. c3
O-O 9. d4 Bg4 10. Be3 exd4 11. cxd4 Na5 12. Bc2 c5 13. Nc3 Nc6 14. Ne2 Nd7 15.
a4 Bf6 16. Ra3 b4 17. Rd3 Qc8 18. Bf4 Nxd4 19. Nexd4 Bxd4 20. Bxd6 Re8 21. Bb3
Bxb2 22. Bxf7+ Kxf7 23. Ng5+ Kg8 24. Qxg4 h6 25. Qe2 Bf6 26. Nf3 c4 27. Re3 Bc3
28. Rc1 Qc6 29. e5 Rac8 30. Nh4 Qd5 31. Nf5 Bxe5 32. Qg4 h5 33. Qg6 Re6 34.
Rxe5 Qxe5 35. Nh6+ Kh8 36. Nf7+ Kg8 37. Nh6+ Kh8 38. Nf7+ Kg8 39. Nxe5 Rxg6 40.
Nxg6 Kf7 41. Ne7 b3 42. Nxc8 b2 43. Re1 c3 44. Ba3 1-0

[Event "Voskresensk"]
[Site "Voskresensk"]
[Date "1993.??.??"]
[Round "?"]
[White "Zaitsev, Igor A"]
[Black "Tunik, Gennady"]
[Result "1-0"]
[WhiteElo "2415"]
[BlackElo "2490"]
[PlyCount "95"]
[EventDate "1993.??.??"]
[EventType "tourn"]
[EventRounds "11"]
[EventCountry "RUS"]
[EventCategory "9"]
[SourceTitle "CBM 038"]
[Source "ChessBase"]
[SourceDate "1994.02.01"]
[SourceVersion "1"]
[SourceVersionDate "1994.02.01"]
[SourceQuality "1"]

1. e4 c5 2. Nf3 e6 3. Nc3 a6 4. g3 b5 5. Bg2 Bb7 6. d3 d6 7. O-O Nd7 8. a3 Ngf6
9. Ng5 h6 10. Nh3 b4 11. axb4 cxb4 12. Na4 d5 13. exd5 Bxd5 14. Bxd5 Nxd5 15.
Nf4 Nxf4 16. Bxf4 Be7 17. c4 bxc3 18. bxc3 O-O 19. d4 Nb6 20. Qf3 Nc4 21. Rfb1
Rc8 22. Rb7 a5 23. h4 Bd6 24. Bxd6 Qxd6 25. Nc5 Rc7 26. Rxc7 Qxc7 27. Qe2 Nd6
28. Qa6 Rb8 29. Rxa5 Rb1+ 30. Kh2 Rb2 31. Ra2 Rxa2 32. Qxa2 Qc6 33. Qe2 Qd5 34.
f3 Nf5 35. Ne4 e5 36. dxe5 Qxe5 37. Qd3 g6 38. Kh3 h5 39. Qd5 Qe7 40. Qd7 Qe5
41. Qd5 Qe7 42. c4 Ne3 43. Qd6 Qa7 44. Nf6+ Kg7 45. Qe5 Nxc4 46. Nxh5+ Kf8 47.
Qh8+ Ke7 48. Qf6+ 1-0

[Event "Ciocaltea Memorial"]
[Site "Bucharest"]
[Date "1993.??.??"]
[Round "?"]
[White "Nevednichy, Vladislav"]
[Black "Zaitsev, Igor A"]
[Result "0-1"]
[WhiteElo "2495"]
[BlackElo "2450"]
[PlyCount "98"]
[EventDate "1993.02.??"]
[EventType "tourn"]
[EventRounds "15"]
[EventCountry "ROU"]
[EventCategory "10"]
[SourceTitle "CBM 034"]
[Source "ChessBase"]
[SourceDate "1993.06.01"]
[SourceVersion "1"]
[SourceVersionDate "1993.06.01"]
[SourceQuality "1"]

1. e4 e5 2. Nf3 Nc6 3. Bc4 Nf6 4. d3 Be7 5. O-O O-O 6. Re1 d6 7. c3 Rb8 8. a4
Be6 9. Nbd2 a6 10. h3 Qd7 11. Bb3 Bxb3 12. Qxb3 Rfe8 13. Nf1 Bf8 14. Ng3 g6 15.
d4 Bg7 16. d5 Ne7 17. a5 c6 18. c4 Qc7 19. Be3 Nd7 20. Rec1 c5 21. Qc2 Rf8 22.
Rcb1 b6 23. axb6 Rxb6 24. Bd2 Qa7 25. Ra2 Rfb8 26. Ne1 Qb7 27. Nd3 Qc8 28. Rba1
f5 29. Ba5 R6b7 30. Bc3 Rb6 31. f4 fxe4 32. Nxe4 Nf5 33. fxe5 dxe5 34. Qf2 Nd4
35. Rf1 h6 36. Kh1 Kh7 37. Qh4 Nf5 38. Qf2 Nf6 39. Nexc5 e4 40. Bxf6 Rxf6 41.
Nxe4 Ne3 42. Qg3 Rxf1+ 43. Kh2 Qxc4 44. Qxb8 Qxd3 45. Ng3 Rf2 46. Ra1 Qxd5 47.
Rg1 Rxb2 48. Qa7 a5 49. Nf1 Rb7 0-1

[Event "Ciocaltea Memorial"]
[Site "Bucharest"]
[Date "1993.??.??"]
[Round "?"]
[White "Zaitsev, Igor A"]
[Black "Hauchard, Arnaud"]
[Result "1-0"]
[WhiteElo "2450"]
[BlackElo "2450"]
[PlyCount "161"]
[EventDate "1993.02.??"]
[EventType "tourn"]
[EventRounds "15"]
[EventCountry "ROU"]
[EventCategory "10"]
[SourceTitle "CBM 034"]
[Source "ChessBase"]
[SourceDate "1993.06.01"]
[SourceVersion "1"]
[SourceVersionDate "1993.06.01"]
[SourceQuality "1"]

1. e4 e6 2. d4 d5 3. Nc3 Bb4 4. Bd3 dxe4 5. Bxe4 Nf6 6. Bg5 Nbd7 7. Qf3 c5 8.
Nge2 cxd4 9. Nxd4 Ne5 10. Qd1 Qa5 11. Bxf6 Bxc3+ 12. bxc3 Qxc3+ 13. Kf1 gxf6
14. Rb1 Ke7 15. Ne2 Qc4 16. Bd3 Qxa2 17. h4 Rd8 18. Rh3 b6 19. Ra1 Qb2 20. Rb1
Nxd3 21. Rxd3 Rxd3 22. cxd3 Qe5 23. Qc1 Bb7 24. Nf4 Qd6 25. Qe3 Rc8 26. d4 Rc4
27. Rd1 h6 28. Kg1 f5 29. Nh5 Qd5 30. f3 Rc2 31. Qa3+ Kd8 32. Qf8+ Kc7 33.
Qxf7+ Kb8 34. Nf4 Qd6 35. Qg8+ Rc8 36. Qg3 Ka8 37. Kh2 a6 38. Re1 Bd5 39. Re5
Bc4 40. Qf2 Rd8 41. Qe1 Qxd4 42. Nxe6 Bxe6 43. Rxe6 Qf4+ 44. Kh3 Rb8 45. Qc3
Ka7 46. g3 Qa4 47. Re7+ Rb7 48. Rxb7+ Kxb7 49. Qg7+ Kc6 50. Qxh6+ Kd5 51. Qf6
Qd4 52. Qxf5+ Qe5 53. Qd3+ Ke6 54. g4 b5 55. Qg6+ Qf6 56. Qe4+ Qe5 57. Qc6+ Qd6
58. Qe8+ Qe7 59. Qc8+ Kd5 60. Qxa6 Qe2 61. Qb7+ Kd4 62. g5 Qe6+ 63. Kg2 Qe2+
64. Kg3 Qe1+ 65. Kg4 b4 66. Qb6+ Kd3 67. g6 Qc3 68. Qb7 b3 69. g7 Qc4+ 70. Qe4+
Qxe4+ 71. fxe4 b2 72. g8=Q b1=Q 73. Qd5+ Ke3 74. Qc5+ Kd3 75. Qd6+ Ke3 76. Qg3+
Kd4 77. Qf2+ Ke5 78. Qf4+ Ke6 79. Qf5+ Ke7 80. Kg5 Qb6 81. h5 1-0

[Event "Ciocaltea Memorial"]
[Site "Bucharest"]
[Date "1993.??.??"]
[Round "?"]
[White "Zaitsev, Igor A"]
[Black "Marciano, David"]
[Result "1-0"]
[WhiteElo "2450"]
[BlackElo "2430"]
[PlyCount "67"]
[EventDate "1993.02.??"]
[EventType "tourn"]
[EventRounds "15"]
[EventCountry "ROU"]
[EventCategory "10"]
[SourceTitle "CBM 034"]
[Source "ChessBase"]
[SourceDate "1993.06.01"]
[SourceVersion "1"]
[SourceVersionDate "1993.06.01"]
[SourceQuality "1"]

1. e4 e5 2. Nf3 Nc6 3. Bb5 Nf6 4. d4 Nxe4 5. Qe2 Nd6 6. Bg5 Be7 7. Bxe7 Qxe7 8.
Bxc6 e4 9. Bxe4 Nxe4 10. O-O d5 11. Re1 Be6 12. c4 c6 13. cxd5 cxd5 14. Nc3
Nxc3 15. bxc3 Rc8 16. Qb5+ Qd7 17. Qb4 Rc4 18. Qb2 Rc7 19. Qa3 b6 20. Ne5 Qe7
21. Qa4+ Kf8 22. Nc6 Qd7 23. Qa3+ Kg8 24. Ne5 Qc8 25. Re3 g6 26. Qb2 Kg7 27. h3
Qd8 28. Rae1 Qd6 29. c4 Rb8 30. c5 Qf8 31. Rb3 Rbc8 32. Nd3 Qd8 33. Nf4 bxc5
34. Rxe6 1-0

[Event "Ciocaltea Memorial"]
[Site "Bucharest"]
[Date "1993.??.??"]
[Round "?"]
[White "Zeitlein, Michael"]
[Black "Zaitsev, Igor A"]
[Result "0-1"]
[WhiteElo "2485"]
[BlackElo "2450"]
[Annotator "Hecht,H"]
[PlyCount "166"]
[EventDate "1993.02.??"]
[EventType "tourn"]
[EventRounds "15"]
[EventCountry "ROU"]
[EventCategory "10"]
[SourceTitle "CBM 034"]
[Source "ChessBase"]
[SourceDate "1993.06.01"]
[SourceVersion "1"]
[SourceVersionDate "1993.06.01"]
[SourceQuality "1"]

1. d4 {T+L - D+T ab Zug 48 L+f - T+g ab Zug 68 Motive: L+Bf2 - T+Bg4,
Theorieendspiel, Fehler im 77.Zug!} Nf6 2. c4 g6 3. Nc3 Bg7 4. e4 d6 5. Nf3 O-O
6. Be3 Nc6 7. d5 Nb4 8. Be2 e6 9. O-O Re8 10. dxe6 Bxe6 11. Qb3 a5 12. a3 Nc6
13. Qxb7 Bd7 14. Nd5 Rc8 15. Rad1 Nxe4 16. b4 axb4 17. axb4 Ne7 18. Ng5 Nc3 19.
Nxc3 Bc6 20. Qa6 Ra8 21. Ba7 Bxc3 22. c5 Bf6 23. cxd6 cxd6 24. h4 Qd7 25. b5
Rxa7 26. bxc6 Nxc6 27. Qc4 Nd4 28. Rxd4 Bxd4 29. Bf3 Bf6 30. Nxf7 Kg7 31. Ng5
Rc7 32. Qd3 d5 33. Rd1 d4 34. g3 Bxg5 35. hxg5 Rd8 36. Kg2 Qf5 37. Qd2 Rc2 38.
Qb4 Qd7 39. Re1 Rc7 40. Qb6 Qd6 41. Qb3 Re7 42. Rd1 Qe5 43. Qb6 Rd6 44. Qb4 d3
45. Re1 Qxe1 46. Qxd6 Qe5 47. Qxd3 Qxg5 48. Qd8 Qf6 49. Qd2 Rf7 50. Qe3 h5 51.
Qe4 Rd7 52. Qa4 Rd4 53. Qe8 Rd8 54. Qe4 Rf8 55. Qe3 Rf7 56. Qe4 Re7 57. Qc4 Rd7
58. Qa4 Rd4 59. Qe8 h4 60. gxh4 Rxh4 61. Qd7+ Kh6 62. Qd2+ Rf4 63. Qe3 Qg5+ 64.
Kf1 Qf6 65. Kg2 Qg5+ 66. Kf1 Rf6 67. Qxg5+ Kxg5 68. Kg2 Kh4 69. Be2 g5 70. Bf3
Rf4 71. Be2 g4 72. Bb5 Rf6 73. Be2 Rd6 74. Bb5 Rd2 75. Kg1 Rd1+ 76. Kg2 Rd6 77.
Bc4 $2 (77. Kh2 Rb6 (77... Rd5 78. Bc6 Rc5 79. Be4 {Remis?! - Analyse!}) 78.
Bd7 Rb2 79. Kg1 g3 80. fxg3+ Kxg3 81. Kf1 Kf3 82. Bc6+ $11) 77... Rd2 78. Kg1
g3 79. fxg3+ Kxg3 80. Kf1 Kf3 81. Ke1 {Schach auf der Diag. h1-a8 fehlt!!} (81.
Kg1 Rf2 82. Bd5+ Kg3 $19) 81... Ke3 82. Kf1 (82. Bf7 Rd7 83. Be6 Re7 $1 $19 84.
Bd5 Kd4+ $1) (82. Be6 Rd6 83. Bf5 Rf6 84. Bd7 Rf7 85. Be8 Re7 $19) 82... Rf2+
83. Kg1 (83. Ke1 Rc2 $19) 83... Rf3 {Notationsfehler?!} (83... Kf3 $1 84. Bd5+
Kg3 85. Bb7 Rb2 86. Be4 Re2 87. Bd3 Re1+ 88. Bf1 Rd1 $19) 0-1